Witness to history. Turn-of-the-century America /

The exciting, dramatic changes that took place in the first twenty years of the new century. See immigrants at Ellis Island and scenes of Henry Ford inventing the 'horseless carriage'.

Bibliographic Details
Other Authors: Green, Susan Eikov (Director)
Format: Video
Language:English
Language Notes:In English.
Published: Mount Kisco, NY : Guidance Associates, 1987.
Series:World history in video
Subjects:
Online Access:Connect to this streaming video (Alexander Street Press)

MARC

Tag First Indicator Second Indicator Subfields
LEADER 00000cgm a2200000 i 4500
001 in00005573721
006 m o c
007 cr |n||||||||a
007 vz |za|z|
008 150527s1987 nyu014 e o vueng d
005 20241201232150.7
035 |a (OCoLC)ocn911956978 
040 |a ALSTP  |b eng  |e rda  |e pn  |c ALSTP  |d OCLCO  |d VLB  |d OCLCQ  |d OCLCF  |d OCL  |d WYU  |d OCLCO  |d OCLCL  |d OCLCQ 
035 |a (OCoLC)911956978 
043 |a n-us--- 
050 4 |a E741  |b .W57 1987ev 
049 |a TXAM 
245 0 0 |a Witness to history.  |p Turn-of-the-century America /  |c writer/director: Susan Eikov Green. 
264 1 |a Mount Kisco, NY :  |b Guidance Associates,  |c 1987. 
300 |a 1 online resource (14 min.). 
306 |a 001328 
336 |a two-dimensional moving image  |b tdi  |2 rdacontent 
337 |a video  |b v  |2 rdamedia 
337 |a computer  |b c  |2 rdamedia 
338 |a online resource  |b cr  |2 rdacarrier 
338 |a other  |b vz  |2 rdacarrier 
344 |a digital  |2 rda 
347 |a data file  |2 rda 
380 |a Videorecording 
490 0 |a World history in video 
500 |a Title from resource description page (viewed May 27, 2015). 
520 |a The exciting, dramatic changes that took place in the first twenty years of the new century. See immigrants at Ellis Island and scenes of Henry Ford inventing the 'horseless carriage'. 
546 |a In English. 
651 0 |a United States  |x History  |y 1901-1909. 
651 0 |a United States  |x History  |y 1909-1913. 
651 0 |a United States  |x History  |y 1913-1921. 
651 6 |a États-Unis  |x Histoire  |y 1901-1909. 
651 6 |a États-Unis  |x Histoire  |y 1909-1913. 
651 6 |a États-Unis  |x Histoire  |y 1913-1921. 
651 7 |a United States.  |2 fast  |0 (OCoLC)fst01204155  |1 https://id.oclc.org/worldcat/entity/E39PBJtxgQXMWqmjMjjwXRHgrq 
648 7 |a 1901-1921  |2 fast 
655 2 |a Documentaries and Factual Films 
655 7 |a Documentary films.  |2 fast  |0 (OCoLC)fst01710390 
655 7 |a History.  |2 fast  |0 (OCoLC)fst01411628 
655 7 |a Documentary films.  |2 lcgft 
655 7 |a Documentaires.  |2 rvmgf 
700 1 |a Green, Susan Eikov,  |e director. 
710 2 |a Guidance Associates,  |e production company. 
776 0 8 |i Original version:  |w (OCoLC)16144073 
856 4 0 |u http://proxy.library.tamu.edu/login?url=https://www.aspresolver.com/aspresolver.asp?AVN2;2791360  |z Connect to this streaming video (Alexander Street Press)  |t 0 
955 |a Alexander Street Press subscription streaming video 
994 |a 92  |b TXA 
999 f f |s 50e23a80-f461-463e-811a-da83300070bb  |i bee5e5da-d6cc-4089-8855-6a47af4dad75  |t 0 
952 f f |a Texas A&M University  |b College Station  |c Electronic Resources  |d Available Online  |t 0  |e E741 .W57 1987ev  |h Library of Congress classification 
998 f f |a E741 .W57 1987ev  |t 0  |l Available Online